000 01433nam a22003257a 4500
003 OSt
005 20240522054755.0
008 240522b ||||| |||| 00| 0 eng d
040 _bEnglish.
_cCvSU-CCAT Campus Library.
_erda.
050 _aUM QA 76.76.A65
_bAr75 2017
100 _aArias, Christian Dave Q., author.
_913068
245 _aDevelopment of Organa : an android mobile application of three-dimensional image modeling of human internal organs /
_cChristian Dave Q. Arias, Hiroshi Francisco, and Mark R. Ortiz.
260 _aRosario, Cavite :
_bCavite State University-CCAT Campus,
_c2017.
300 _axii, 67 leaves :
_billustrations ;
_c28 cm
500 _aA Design Project Manuscript (BSCS) -- Cavite State University-CCAT Campus, 2017.
504 _aIncludes bibliographical references and appendices.
520 _aThesis Abstract:
546 _aIn English text.
650 _aMobile application.
_95366
650 _a3D image.
_913069
650 _aRapid application development.
_913070
650 _aApplication software -- Development.
_99099
650 _aAndroid.
_99688
700 _aFrancisco, Hiroshi, author.
_913071
700 _aOrtiz, Mark R., author.
_913072
700 _aNocon, Yvana Jardine R., adviser.
_911767
700 _aMuyot, Allen Jhon C., technical critic.
_99074
942 _2lcc
_cT/M/D
_hQA 76.76.A65 Ar75 2017
_kUM
999 _c3489
_d3489